Statistics for States Carried By 1932 Candidates

Click here to take the quiz!

General Stats

  • This quiz has been taken 121 times
  • The average score is 48 of 48

Answer Stats

Popular Vote PercentageStatePresidential Candidate% Correct
84.74%AlabamaFranklin D. Roosevelt
100%
67.03%ArizonaFranklin D. Roosevelt
100%
85.96%ArkansasFranklin D. Roosevelt
100%
58.39%CaliforniaFranklin D. Roosevelt
100%
54.81%ColoradoFranklin D. Roosevelt
100%
48.54%ConnecticutHerbert Hoover
100%
50.55%DelawareHerbert Hoover
100%
74.68%FloridaFranklin D. Roosevelt
100%
91.60%GeorgiaFranklin D. Roosevelt
100%
58.66%IdahoFranklin D. Roosevelt
100%
55.23%IllinoisFranklin D. Roosevelt
100%
54.67%IndianaFranklin D. Roosevelt
100%
57.69%IowaFranklin D. Roosevelt
100%
53.56%KansasFranklin D. Roosevelt
100%
59.06%KentuckyFranklin D. Roosevelt
100%
92.79%LouisianaFranklin D. Roosevelt
100%
55.83%MaineHerbert Hoover
100%
61.50%MarylandFranklin D. Roosevelt
100%
50.64%MassachusettsFranklin D. Roosevelt
100%
52.36%MichiganFranklin D. Roosevelt
100%
59.91%MinnesotaFranklin D. Roosevelt
100%
92.44%MississippiFranklin D. Roosevelt
100%
63.69%MissouriFranklin D. Roosevelt
100%
58.80%MontanaFranklin D. Roosevelt
100%
62.98%NebraskaFranklin D. Roosevelt
100%
69.41%NevadaFranklin D. Roosevelt
100%
50.42%New HampshireHerbert Hoover
100%
49.48%New JerseyFranklin D. Roosevelt
100%
62.72%New MexicoFranklin D. Roosevelt
100%
54.07%New YorkFranklin D. Roosevelt
100%
69.93%North CarolinaFranklin D. Roosevelt
100%
69.59%North DakotaFranklin D. Roosevelt
100%
49.88%OhioFranklin D. Roosevelt
100%
73.30%OklahomaFranklin D. Roosevelt
100%
57.99%OregonFranklin D. Roosevelt
100%
50.84%PennsylvaniaHerbert Hoover
100%
55.08%Rhode IslandFranklin D. Roosevelt
100%
98.03%South CarolinaFranklin D. Roosevelt
100%
63.62%South DakotaFranklin D. Roosevelt
100%
66.49%TennesseeFranklin D. Roosevelt
100%
88.06%TexasFranklin D. Roosevelt
100%
56.52%UtahFranklin D. Roosevelt
100%
57.66%VermontHerbert Hoover
100%
68.46%VirginiaFranklin D. Roosevelt
100%
57.46%WashingtonFranklin D. Roosevelt
100%
54.47%West VirginiaFranklin D. Roosevelt
100%
63.46%WisconsinFranklin D. Roosevelt
100%
56.07%WyomingFranklin D. Roosevelt
100%

Score Distribution

Percentile by Number Answered

Percent of People with Each Score

Your Score History

You have not taken this quiz